Steaming ahead (Record no. 117800)

MARC details
000 -LEADER
fixed length control field 01599cam a2200265 4500
001 - CONTROL NUMBER
control field ABS68021
008 - FIXED-LENGTH DATA ELEMENTS--GENERAL INFORMATION
fixed length control field 040730n2004 000 0 eng u
035 ## - SYSTEM CONTROL NUMBER
System control number (Sirsi) u126983
100 ## - MAIN ENTRY--PERSONAL NAME
Personal name Jones, P.
245 ## - TITLE STATEMENT
Title Steaming ahead
260 ## - PUBLICATION, DISTRIBUTION, ETC.
Date of publication, distribution, etc. 2004
490 ## - SERIES STATEMENT
Series statement Premises and Facilities Management
Volume/sequential designation July 2004, 21-22(2)
520 ## - SUMMARY, ETC.
Summary, etc. Examines recent government action towards achieving greater energy efficiency. Notes how the government's Climate Change Programme 2000 restated its target to reduce CO2 emissions to 12.5% below 1990 levels by 2008-12 with a further domestic target of a 20% reduction by 2010. The building sector has been affected in the last few years by the Climate Change Levy, enhanced capital allowances and changes to Part L of the Building Regulations. In April 2002 the industry saw a major update to Part L of the Building Regulations, but implementation of this is patchy. The government has also been developing new policies leading to the publication of its Energy White paper in 2003, "Our energy future - creating a low carbon economy" (J125519). This sets out a long term goal to reduce the UK's carbon emissions by 60%.
590 ## - LOCAL NOTE (RLIN)
Local note ABS
590 ## - LOCAL NOTE (RLIN)
Local note ABS
650 ## - SUBJECT ADDED ENTRY--TOPICAL TERM
Topical term or geographic name entry element ENERGY-EFFICIENCY
650 ## - SUBJECT ADDED ENTRY--TOPICAL TERM
Topical term or geographic name entry element BUILDING SERVICES DESIGNERS
650 ## - SUBJECT ADDED ENTRY--TOPICAL TERM
Topical term or geographic name entry element MAINTENANCE MANAGEMENT
650 ## - SUBJECT ADDED ENTRY--TOPICAL TERM
Topical term or geographic name entry element CLIMATE CHANGE PROGRAMME
650 ## - SUBJECT ADDED ENTRY--TOPICAL TERM
Topical term or geographic name entry element BUILDING REGULATIONS 2000 APPROVED DOCUMENT L1 (2002 EDITION)
650 ## - SUBJECT ADDED ENTRY--TOPICAL TERM
Topical term or geographic name entry element BUILDING REGULATIONS 2000 APPROVED DOCUMENT L2 (2002 EDITION)
650 ## - SUBJECT ADDED ENTRY--TOPICAL TERM
Topical term or geographic name entry element FACILITIES MANAGEMENT
9 (RLIN) 6240
690 ## - LOCAL SUBJECT ADDED ENTRY--TOPICAL TERM (OCLC, RLIN)
Topical term or geographic name as entry element ENERGY-EFFICIENCY
942 ## - ADDED ENTRY ELEMENTS (KOHA)
Suppress in OPAC 0
Holdings
Withdrawn status Lost status Source of classification or shelving scheme Damaged status Not for loan Home library Current library Shelving location Date acquired Total Checkouts Full call number Barcode Date last seen Copy number Price effective from Koha item type
    Dewey Decimal Classification     London London Journal article 30/07/2004   ABS68021 126983-1001 06/08/2019 1 06/08/2019 Journal article